Consultation on amendments to the Scheme for Construction Contracts (England and Wales) Regulations 1998 (Record no. 110594)
[ view plain ]
| 000 -LEADER | |
|---|---|
| fixed length control field | 01782cad a22002415a 4500 |
| 001 - CONTROL NUMBER | |
| control field | E149667 |
| 008 - FIXED-LENGTH DATA ELEMENTS--GENERAL INFORMATION | |
| fixed length control field | 100407s2010 xxk g 000 0 eng d |
| 035 ## - SYSTEM CONTROL NUMBER | |
| System control number | (Sirsi) u149667 |
| 041 0# - LANGUAGE CODE | |
| Language code of text/sound track or separate title | eng |
| 110 2# - MAIN ENTRY--CORPORATE NAME | |
| Corporate name or jurisdiction name as entry element | United Kingdom |
| Subordinate unit | Department for Business, Innovation and Skills |
| 9 (RLIN) | 5760 |
| 245 00 - TITLE STATEMENT | |
| Title | Consultation on amendments to the Scheme for Construction Contracts (England and Wales) Regulations 1998 |
| Medium | [electronic resource] |
| 260 ## - PUBLICATION, DISTRIBUTION, ETC. | |
| Place of publication, distribution, etc. | London |
| Name of publisher, distributor, etc. | DBIS |
| Date of publication, distribution, etc. | 2010 |
| 505 2# - FORMATTED CONTENTS NOTE | |
| Formatted contents note | Introduction -- The proposals -- Consequential proposals -- Supplementary proposals -- Impact assessment -- Consultation response form -- Annex A, draft statutory instrument -- Annex B, consultation code of practice |
| 520 ## - SUMMARY, ETC. | |
| Summary, etc. | If construction contracts do not comply with the requirements set out in the Housing Grants, Construction and Regeneration Act 1996 Part II, then the Scheme for Construction Contracts (England and Wales) Regulations 1998 applies. This consultation sets out proposed changes to the Scheme, as a consequence of the Local Democracy, Economic Development and Construction Act 2009 Part 8, which amends the payment and adjudication provisions of the 1996 Act. Deadline for comments is 18 June 2010. |
| 590 ## - LOCAL NOTE (RLIN) | |
| Local note | KA |
| 650 24 - SUBJECT ADDED ENTRY--TOPICAL TERM | |
| Topical term or geographic name entry element | SCHEME FOR CONSTRUCTION CONTRACTS (ENGLAND AND WALES) REGULATIONS 1998 |
| 650 24 - SUBJECT ADDED ENTRY--TOPICAL TERM | |
| Topical term or geographic name entry element | LOCAL DEMOCRACY, ECONOMIC DEVELOPMENT AND CONSTRUCTION ACT 2009 PART 8 |
| 650 24 - SUBJECT ADDED ENTRY--TOPICAL TERM | |
| Topical term or geographic name entry element | HOUSING GRANTS, CONSTRUCTION AND REGENERATION ACT 1996 PART II |
| 651 #4 - SUBJECT ADDED ENTRY--GEOGRAPHIC NAME | |
| Geographic name | England and Wales |
| Chronological subdivision | 1543- |
| 690 ## - LOCAL SUBJECT ADDED ENTRY--TOPICAL TERM (OCLC, RLIN) | |
| Topical term or geographic name as entry element | MANAGEMENT-PROJECT MANAGEMENT-CONTRACT ADMINISTRATION |
| 856 40 - ELECTRONIC LOCATION AND ACCESS | |
| Uniform Resource Identifier | <a href="https://www.bis.gov.uk/assets/biscore/business-sectors/docs/10-826-consultation-construction-contracts-regulations.pdf">https://www.bis.gov.uk/assets/biscore/business-sectors/docs/10-826-consultation-construction-contracts-regulations.pdf</a> |
| Public note | View this consultation free of charge at www.bis.gov.uk |
| 942 ## - ADDED ENTRY ELEMENTS (KOHA) | |
| Suppress in OPAC | 0 |
| Withdrawn status | Lost status | Source of classification or shelving scheme | Damaged status | Not for loan | Home library | Current library | Shelving location | Date acquired | Total Checkouts | Full call number | Barcode | Date last seen | Copy number | Price effective from | Koha item type |
|---|---|---|---|---|---|---|---|---|---|---|---|---|---|---|---|
| Dewey Decimal Classification | Virtual | Virtual | Online | 07/04/2010 | ONLINE PUBLICATION | 149667-2001 | 06/08/2019 | 1 | 06/08/2019 | Book |